000 01045nam a2200265Ia 4500
003 OSt
005 20221005104021.0
006 a|||||r|||| 00| 0
007 ta
008 221004b |||||||| |||| 00| 0 hin d
020 _a8179170284 (hbk)
_c350
024 _a2832
037 _bBR6652, 24/01/2013, Rajkamal Prakashan Pvt. Ltd.
_cTextual
040 _aCRL
_cCRL
_bhin
041 _2hin
_ahin
082 _aNA4436,8(Q:45)v, 152P4
100 _aथापर, रोमिला
245 0 _aसोमनाथ
_b इतिहास एक स्वर अनेेक
246 _aSomanātha: itihās ek svar aneeka
260 _aदिल्ली
_bग्रंथ शिल्पी भारत
_c2004
300 _a227पृ0
_ccm.
700 _a वर्मा, सत्यम, अनु.
942 _hNA4436,8(Q:45)v, 152P4
_cTEXL
_2cc
999 _c1011503
_d1011503